The analytics of uncertainty and information / (Record no. 6694)
[ view plain ]
| 000 -LEADER | |
|---|---|
| fixed length control field | 01161nac a22002891u 4500 |
| 010 ## - LIBRARY OF CONGRESS CONTROL NUMBER | |
| LC control number | 91023754 |
| 020 ## - INTERNATIONAL STANDARD BOOK NUMBER | |
| International Standard Book Number | 0521239567 (hardback) |
| 020 ## - INTERNATIONAL STANDARD BOOK NUMBER | |
| International Standard Book Number | 0521283698 (paperback) |
| 082 00 - DEWEY DECIMAL CLASSIFICATION NUMBER | |
| Classification number | 339.5 |
| Item number | HIR |
| 090 ## - LOCALLY ASSIGNED LC-TYPE CALL NUMBER (OCLC); LOCAL CALL NUMBER (OCLC) | |
| -- | 6694 |
| -- | 6694 |
| 100 ## - MAIN ENTRY--PERSONAL NAME | |
| Personal name | Hirshleifer, Jack. |
| 245 14 - TITLE STATEMENT | |
| Title | The analytics of uncertainty and information / |
| Statement of responsibility, etc | Jack Hirshleifer and John G. Riley. |
| 260 ## - PUBLICATION, DISTRIBUTION, ETC. (IMPRINT) | |
| Place of publication, distribution, etc | Cambridge ; |
| -- | New York : |
| Name of publisher, distributor, etc | Cambridge University Press,1992 |
| Date of publication, distribution, etc | 1992. |
| 300 ## - PHYSICAL DESCRIPTION | |
| Extent | xi, 465 p. : |
| Other physical details | ill. ; |
| Dimensions | 24 cm. |
| 440 #0 - | |
| -- | Cambridge surveys of economic literature |
| 500 ## - GENERAL NOTE | |
| General note | distributer: Al-Ahram |
| 504 ## - BIBLIOGRAPHY, ETC. NOTE | |
| Bibliography, etc | Includes bibliographical references and indexes. |
| 511 ## - PARTICIPANT OR PERFORMER NOTE | |
| Participant or performer note | catalogued by: wessam |
| 650 #0 - SUBJECT ADDED ENTRY--TOPICAL TERM | |
| Topical term or geographic name as entry element | Uncertainty. |
| 650 #0 - SUBJECT ADDED ENTRY--TOPICAL TERM | |
| Topical term or geographic name as entry element | Equilibrium (Economics) |
| 650 #0 - SUBJECT ADDED ENTRY--TOPICAL TERM | |
| Topical term or geographic name as entry element | Decision making. |
| 650 #0 - SUBJECT ADDED ENTRY--TOPICAL TERM | |
| Topical term or geographic name as entry element | Information theory in economics. |
| 700 1# - ADDED ENTRY--PERSONAL NAME | |
| Personal name | Riley, John G. |
| 856 42 - ELECTRONIC LOCATION AND ACCESS | |
| Materials specified | Publisher description |
| Uniform Resource Identifier | <a href="http://www.loc.gov/catdir/description/cam024/91023754.html">http://www.loc.gov/catdir/description/cam024/91023754.html</a> |
| 856 42 - ELECTRONIC LOCATION AND ACCESS | |
| Materials specified | Table of contents |
| Uniform Resource Identifier | <a href="http://www.loc.gov/catdir/toc/cam022/91023754.html">http://www.loc.gov/catdir/toc/cam022/91023754.html</a> |
| 942 ## - ADDED ENTRY ELEMENTS (KOHA) | |
| Item type | Book - Borrowing |
| Call number prefix | 339.5HIR |
| Withdrawn status | Item status | Damaged status | Not for loan | Home library | Current library | Shelving location | Date acquired | Source of acquisition | Total Checkouts | Full call number | Barcode | Date last seen | Date last borrowed | Koha item type |
|---|---|---|---|---|---|---|---|---|---|---|---|---|---|---|
| Central Library | Central Library | First floor | 29/11/2007 | Purchase | 1 | 339.5HIR | 000008296 | 15/07/2025 | 13/02/2014 | Book - Borrowing |